000 00384nam a2200133Ia 4500
005 20260326235506.0
008 260326s9999||||xx |||||||||||||| ||und||
100 _aBruyn, Gerd de
245 0 _aArquitectura Contemporánea en Alemania :
_b 50 Construcciónes 1970-1996 /
_cGerd de Bruyn
260 _bInter Nationes
300 _a136 p.
650 _aARQUITECTURA REGIONAL
942 _cBK
999 _c8177
_d8177